VALLEY OF SILENCE (Record no. 474295)

MARC details
000 -LEADER
fixed length control field 00353nam a2200157Ia 4500
008 - FIXED-LENGTH DATA ELEMENTS--GENERAL INFORMATION
fixed length control field 100204s9999 xx 000 0 und d
082 ## - DEWEY DECIMAL CLASSIFICATION NUMBER
Item number 29086
100 ## - MAIN ENTRY--PERSONAL NAME
Personal name ROBERTS NORA
245 ## - TITLE STATEMENT
Title VALLEY OF SILENCE
250 ## - EDITION STATEMENT
Edition statement 0
260 ## - PUBLICATION, DISTRIBUTION, ETC. (IMPRINT)
Name of publisher, distributor, etc PPLATKUS
Date of publication, distribution, etc 2006
300 ## - PHYSICAL DESCRIPTION
Extent 342
630 ## - SUBJECT ADDED ENTRY--UNIFORM TITLE
Uniform title VALLEY OF SILENCE
730 ## - ADDED ENTRY--UNIFORM TITLE
Uniform title VALLEY OF SILENCE
942 ## - ADDED ENTRY ELEMENTS (KOHA)
Koha item type Book
Holdings
Withdrawn status Lost status Damaged status Not for loan Home library Current library Date acquired Cost, normal purchase price Total Checkouts Full call number Barcode Date last seen Cost, replacement price Price effective from Koha item type
        N. C. Kelkar Sarvajanik Library, Mulund N. C. Kelkar Sarvajanik Library, Mulund 08/17/2009 295.00   29086 NCKMULUND-29086 02/04/2010 295.00 02/04/2010 Book